| 000 | 00615nam a2200181 a 4500 | ||
|---|---|---|---|
| 001 | 000027582 | ||
| 005 | 20200930030935.0 | ||
| 008 | 110401s1968 dr r 001 0 spa d | ||
| 040 |
_aDO-SdBNP _bspa _cBNPHU |
||
| 082 |
_axxxx _bC763h |
||
| 245 | 0 | 0 |
_aControversia histórica : _bpolémica de Santana / _cprefacio y notas de Vetilio Alfau Durán. |
| 260 |
_aSanto Domingo : _bMontalvo, _c1968. |
||
| 300 |
_a182 p. ; _c24 cm. |
||
| 490 | 1 |
_aAcademia Dominicana de la Historia _v24 |
|
| 500 | _aIncluye índice onomástico | ||
| 590 | _aInventariado, 2019/BT | ||
| 830 | 0 |
_aAcademia Dominicana de la Historia _n24 _954679 |
|
| 999 |
_c27074 _d27074 |
||